| 000 | 00609nam a2200205Ia 4500 | ||
|---|---|---|---|
| 003 | LK-CoDNM | ||
| 005 | 20240926153152.0 | ||
| 008 | 010623t1912 xxu||||| |||| 00| 1 eng d | ||
| 040 |
_aLK-CoDNM _dLK-CoDNM _eLK-CoDNM |
||
| 041 | _aeng | ||
| 080 |
_a24 _bF38 |
||
| 100 | _aHart,R.J. | ||
| 245 | _aChronos : A Handbook of Comparative Chronology from 8000 B.C. to 1700 A.D. | ||
| 260 |
_bG.Bell and Sons Ltd _aLondon _c1912 |
||
| 300 | _bxii,299p., 21 cm | ||
| 650 | _aChronos : A Handbook of Comparative Chronology from 8000 B.C. to 1700 A.D. | ||
| 650 | _a24 F38 | ||
| 650 | _aHart,R.J. | ||
| 942 | _cBK | ||
| 999 |
_c87528 _d87528 |
||